Doprava v medzinárodných obchodných vzťahoch - quo vadis?

Doprava ako hnacia sila rozvoja a kvality celosvetovej obchodnej výmeny. Chápanie významu prepravy na Slovensku a v Čechách v minulosti a dnes. Systémový prístup k preprave ako k nehmotnému tovaru. Preprava ako obchodovateľná služba. Podiel prepravných služieb na celkovom svetovom obchode. Neznalosť...

Description complète

Enregistré dans:
Détails bibliographiques
Auteur principal: Novák, Radek
Format: Chapitre de livre
Langue:slovaque
Sujets:
Tags: Ajouter un tag
Pas de tags, Soyez le premier à ajouter un tag!

MARC

LEADER 00000naa$a2200000$$$4500
001 0056944
005 20231108134007.3
041 0 |a slo 
044 |a SK 
245 1 0 |a Doprava v medzinárodných obchodných vzťahoch - quo vadis?  |c Radek Novák 
520 |a Doprava ako hnacia sila rozvoja a kvality celosvetovej obchodnej výmeny. Chápanie významu prepravy na Slovensku a v Čechách v minulosti a dnes. Systémový prístup k preprave ako k nehmotnému tovaru. Preprava ako obchodovateľná služba. Podiel prepravných služieb na celkovom svetovom obchode. Neznalosť dopravnej problematiky a finančné straty. 
610 2 0 |a doprava 
610 2 0 |a preprava 
610 2 0 |a obchod medzinárodný 
610 2 0 |a služby 
610 2 0 |a rozvoj hospodársky 
610 2 0 |a financie 
100 1 |a Novák, Radek